MDQL
is popping MORE tags! Check the
thread
!
Quizzes
Events
Quiz Creation
Community
Videos
Private Events
Remove Ads
Sign In
Join for FREE
Feedback
Dark Mode
Quiz Categories
Sports
Geography
Music
Movies
Television
Just For Fun
Miscellaneous
History
Literature
Language
Science
Gaming
Entertainment
Religion
Holiday
For Kids
Quiz Lab
Recent
Popular Today
Quiz Kudos Today
Editor Picks
Curator Picks
Quizzes by...
Day
Popularity
Type
Ratings
Length
Year
Community
Subscriptions
Recent Discussions
Orange Saloon
Badges
Playlists
Quests
Create
Leaderboards
Showdown
Live 5
Trivia Bingo
Activity
Puzzle Library
Sporcle Events
Private Events
Virtual Trivia
Globe League
Become a Host
Pub Owners
SporcleCon
Opinionation
Our Games
Videos
Blog
Mobile Apps
Partnerships
Remove Ads and Go Orange
Feedback
Music
Pop Music
The Beatles
Song
Album
Lyrics
Bands
Singers
Artist
Clip
Rock
Rap
Classical
Billboard
Country Music
Kpop
Taylor Swift
Music
Pop Music
The Beatles
Song
Album
Lyrics
Bands
Singers
Artist
Clip
Rock
Rap
Classical
Billboard
Country Music
Kpop
Taylor Swift
Random Quiz
Search Sporcle
×
Quiz Lab
Quiz Lab
Music
Currency
Type in answers that appear in a list
Type in answers that appear in a list
Classic
Best Score? Go Orange.
Lyrics 'Strange Currencies' R.E.M. Stats
Can you name the Lyrics 'Strange Currencies' R.E.M.?
By
FredNorman
10m
217 Questions
53 Plays
53 Plays
53 Plays
Comments
Comments
Give Quiz Kudos
Give Quiz Kudos
-
- Ratings
hide this ad
Replay
Link that replays current quiz
Next Quiz
Link to next quiz in quiz playlist
You Got
0%
They Got
Avg Score
83%
Avg Friend Score
Upgrade to see
Score Distribution
Jump to the score distribution portion of the page
Score
0/217
Timer
10:00
0
Plays Today
% Correct
you
100%
you
100%
you
100%
you
100%
you
100%
you
100%
you
100%
you
100%
you
100%
you
100%
you
100%
you
100%
you
100%
You
100%
you
100%
you
100%
you
100%
the
98.1%
And
98.1%
know
98.1%
the
98.1%
and
98.1%
the
98.1%
and
98.1%
know
98.1%
and
98.1%
a
98.1%
a
98.1%
a
98.1%
a
98.1%
a
98.1%
a
98.1%
a
98.1%
a
98.1%
And
98.1%
the
98.1%
don't
96.2%
mean
96.2%
me
96.2%
don't
96.2%
what
96.2%
mean
96.2%
me
96.2%
What
96.2%
me
96.2%
me
96.2%
me
96.2%
to
94.3%
on
94.3%
to
94.3%
to
94.3%
on
94.3%
to
94.3%
on
94.3%
will
94.3%
be
94.3%
mine
94.3%
will
94.3%
be
94.3%
mine
94.3%
be
94.3%
be
94.3%
to
94.3%
to
94.3%
mine
94.3%
will
94.3%
be
94.3%
mine
94.3%
will
94.3%
be
94.3%
mine
94.3%
to
94.3%
to
94.3%
% Correct
to
94.3%
to
94.3%
will
94.3%
be
94.3%
mine
94.3%
will
94.3%
be
94.3%
mine
94.3%
will
94.3%
be
94.3%
mine
94.3%
to
94.3%
These
92.5%
words
92.5%
These
92.5%
words
92.5%
These
92.5%
words
92.5%
These
92.5%
words
92.5%
These
92.5%
words
92.5%
These
92.5%
words
92.5%
These
92.5%
words
92.5%
These
92.5%
words
92.5%
you're
90.6%
when
90.6%
call
90.6%
telephone
90.6%
want
90.6%
want
90.6%
call
90.6%
want
90.6%
want
90.6%
chance
90.6%
chance
90.6%
third
90.6%
chance
90.6%
fourth
90.6%
chance
90.6%
why
88.7%
But
88.7%
my
88.7%
But
88.7%
your
88.7%
love
88.7%
love
88.7%
strange
88.7%
currencies
88.7%
my
88.7%
second
88.7%
word
88.7%
my
88.7%
out
86.8%
all
86.8%
time
86.8%
all
86.8%
time
86.8%
all
86.8%
time
86.8%
I
84.9%
I
84.9%
I
84.9%
I
84.9%
turn
84.9%
Turn
84.9%
I
84.9%
I
84.9%
I
84.9%
I
84.9%
% Correct
I
84.9%
I
84.9%
comes
83%
up
81.1%
take
81.1%
make
81.1%
it
81.1%
up
81.1%
make
81.1%
it
81.1%
Take
81.1%
make
81.1%
it
81.1%
with
81.1%
is
81.1%
need
81.1%
make
81.1%
it
81.1%
Make
81.1%
figure
79.2%
not
77.4%
say
75.5%
here
75.5%
appeal
75.5%
say
75.5%
Now
73.6%
might
73.6%
now
73.6%
fool
71.7%
middle
71.7%
name
71.7%
I'd
71.7%
name
71.7%
did
71.7%
fool
71.7%
fall
69.8%
foolish
67.9%
fell
67.9%
tripped
66%
real
66%
real
66%
sign
62.3%
feel
62.3%
feel
62.3%
myself
60.4%
catch
60.4%
myself
60.4%
catch
60.4%
I'm
58.5%
Secret
54.7%
in
54.7%
in
54.7%
whatever
52.8%
takes
52.8%
breath
52.8%
going
50.9%
Just
50.9%
oh
49.1%
down
47.2%
little
47.2%
down
47.2%
signal
43.4%
throat
37.7%
nod
35.8%
love's
32.1%
pray
30.2%
Ring
24.5%
haunt
24.5%
rhyme
20.8%
hunt
20.8%
confines
17%
Quiz Playlist
Details
Report
Send in Message
Add To Playlist
Classic:
Type in answers that appear in a list
Last Updated: Feb 16, 2017
Quiz Scoreboard
CHALLENGE
Sign Up to Join the Scoreboard
Show All
Scores
Hide
Comments
May contain spoilers
Recently Published
Colored Red Africa Blitz
by spor1
Geography
30s
Find the 'City' Movie
by crazypaving
Movies
60s
5x2 Blitz: Bands
by SL_Kpop136
Music
30s
More to Explore
Quiz From the Vault
Featured Blog Post
14 Easter Pick-up Lines to Find Eggs With
hide this ad
You Might Also Like...
Tags
Currency
R.E.M.
Today's Top Quizzes in Music
Browse Music
hide this ad
Today's Top Quizzes in Currency
Browse Currency
Top Contributed Quizzes in Music
1
5X2 Blitz: Bands II
2
5X2 Blitz: The Beatles
3
Taylor Swift All Songs (2024)
4
5X2 Blitz: Billboard
5
Taylor Swift Logic Puzzle II
6
5X2 Blitz: Billboard II
7
Taylor Swift Logic Puzzle
8
5X2 Blitz: Rock
9
5X2 Blitz: Singers
10
5X2 Blitz: Album
Explore More
Trending Topics
Crossword
NBA
Disney
Kpop
Marvel
Anime
Harry Potter
Puzzle
Pokémon
WWE
Soccer
Country
Song
NFL
The Office
hide this ad
More By:
FredNorman
Quiz
Plays
Rating
Category
Featured
Created
'A Horse with No Name' Lyrics
11,932
4.79
Music
Jan 28, 2012
'The Gambler' Lyrics
2,729
4.45
Music
Jan 28, 2012
Lyrics to Nothing Else Matters
1,954
4.83
Music
Jan 28, 2012
Lyrics to Against All Odds
1,331
4.45
Music
Jan 28, 2012
Saving Private Ryan Soldiers
838
5.00
Movies
May 9, 2010
Go to Creator's Profile
Score Distribution
Quiz Creator Spotlight
FredNorman
Follow
Send a Message
Quizzes Created
-
Created Quiz Play Count
-
More By This Creator
Popular Quizzes Today
1
Colored Red Africa Blitz
2
Find the 'City' Movie
3
5x2 Blitz: Bands
4
Find the US States - No Outlines Minefield
5
The Countries of the World
6
Find the US States
7
US States
8
Find the Countries of Europe - No Outlines Minefield
More Music Quizzes
Missing word: 2010 Bilboard Hits
Editor's Pick
Trending Quizzes
Colored Red Europe Blitz I
Colored Red Africa Blitz II
Colored Red Europe Blitz II
Colored Red Africa Blitz III
Colored Red Europe Blitz III
Recently Updated
How Do You Spell That?
pecheneg
Godzilla Movies
pecheneg
Grab Bag: 4-10 Letters
pecheneg
2024 March Madness Bracket
pecheneg
Famous TV Couples
Peacemaker
Champions League XIs: Real Madrid
pecheneg
Largest US Cities 1790-2010
pecheneg
Rides in Walt Disney World
pecheneg
Most Oscar Losses (Acting)
pecheneg
Beyoncé Albums
pecheneg
Trending Topics
Kpop
Anime
Harry Potter
Disney
Crossword
NBA
Marvel
Pokémon
NFL
Soccer
Song
Puzzle
WWE
Country
The Office
Your Account Isn't Verified!
In order to create a playlist on Sporcle, you need to verify the email address you used during registration. Go to your
Sporcle Settings
to finish the process.
Report this User
Report this user for behavior that violates our
Community Guidelines
.
Details:
Send Report
Go to the Sporcle.com Mobile Site →
Comments